Obras Completas

Na minha lista:
Detalhes bibliográficos
Autor principal: Dickens, Charles (Author)
Formato: Livro
Idioma:espanhol
Publicado em: Madrid Aguilar 1959
Edição:2a. ed
Assuntos:
Tags: Adicionar Tag
Sem tags, seja o primeiro a adicionar uma tag!

MARC

LEADER 00000nam a2200000 a 4500
001 UCO1491
003 CL-VaPUC
008 000519e19590000SP |||||||||||||||||spa|d
082 0 4 |a 823  |b DIC  |2 21 
100 0 |a Dickens, Charles  |e author  |9 319540 
245 1 0 |a Obras Completas 
250 |a 2a. ed 
300 |a 4 v 
942 |c BK 
945 |d 20000519 00:00:00  |a lriquelm 
260 |a Madrid  |b Aguilar  |c 1959 
500 |a v.3: Vida y aventuras de Martín Chuzzlewit. Dombey e hijo. Una historia de Inglaterra para los niños. Colaboraciones en The Examiner. Trabajos reimpresos 
500 |a v.5: La Casa deshabitada. Nuestro común amigo. Cuentos de Navidad. Paisajes de Italia 
500 |a v.6: La pequeña Dorrit. El misterio de Edwin Drodd. Un viajante , y no de comercio. Esbozos. Censo de personajes y lugares 
600 0 7 |a DICKENS, CHARLES  |2 CL-VaPUC  |9 319540 
650 0 |a Novelas inglesas  |9 265220 
650 0 |a Cuentos ingleses  |9 265135 
650 0 |a Literatura inglesa  |9 312907 
583 |a last modification  |c 20000519 00:00:00  |k Rodrigo Vera 
999 |c 288105  |d 288103 
952 |0 0  |1 0  |4 0  |6 823_000000000000000_DIC_1959  |7 0  |8 A  |9 335348  |a BIBHIS  |b BIBHIS  |d 2019-11-20  |h v.3  |i 1378821  |o 823 DIC 1959  |p 1378821  |r 2025-01-20  |w 2019-11-20  |y BK  |k HIS 
952 |0 0  |1 0  |4 0  |6 823_000000000000000_DIC_1959  |7 0  |8 A  |9 335349  |a BIBHIS  |b BIBHIS  |d 2019-11-20  |h v.5  |i 1378848  |o 823 DIC 1959  |p 1378848  |r 2025-01-20  |w 2019-11-20  |y BK  |k HIS 
952 |0 0  |1 0  |4 0  |6 823_000000000000000_DIC_1959  |7 0  |8 A  |9 335350  |a BIBHIS  |b BIBHIS  |d 2019-11-20  |h v.6  |i 1378856  |o 823 DIC 1959  |p 1378856  |r 2025-01-20  |w 2019-11-20  |y BK  |k HIS